Normal view MARC view
  • Badi, Abdul Majid Darya

Entry Personal Name

Number of records used in: 1

001 - CONTROL NUMBER

  • control field: 109362

003 - CONTROL NUMBER IDENTIFIER

  • control field: NUST

005 - DATE AND TIME OF LATEST TRANSACTION

  • control field: 20230221135325.0

008 - FIXED-LENGTH DATA ELEMENTS

  • fixed length control field: 230221|| aca||aabn | a|a d

040 ## - CATALOGING SOURCE

  • Original cataloging agency: NUST
  • Transcribing agency: NUST

100 ## - HEADING--PERSONAL NAME

  • Personal name: Badi, Abdul Majid Darya

670 ## - SOURCE DATA FOUND

  • Source citation: Work cat.: (NUST)187647: Badi, Abdul Majid Darya, Mutalia Quran / مطالعہ قرآن (Urdu) / , 1990
© 2023 Central Library, National University of Sciences and Technology. All Rights Reserved.